Herbicídna ochrana kukurice

Bibliographic Details
Main Author: Vojtko, Ján (Author)
Format: Article
Language:Slovak

MARC

LEADER 00000nab a2200000 a 4500
001 vtls010715664
003 SK-MaSNL
005 20260304185846.0
008 250709s2011 xo |||||||||||||||||slo|
035 |a (urnnbn)urn:nbn:sk:snk:ar-a04lhq 
035 |a (uuid)48486357-082a-46c6-be4c-165213dc91f3 
035 |a urn:nbn:sk:snk-ab3hub 
040 |a SNKBUCL  |b slo  |c SNKBUCL  |e AACR2 
041 0 |a slo 
044 |a xo  |c SK 
100 1 |a Vojtko, Ján  |4 aut  |9 346319 
245 1 0 |a Herbicídna ochrana kukurice  |c Ján Vojtko 
773 0 |t Naše pole : odborný mesačník pre pestovateľov rastlín  |g Roč. 15, č. 1 (2011), s. 35 
850 |a Slovenská národná knižnica 
852 |a Slovenská národná knižnica 
954 |a odborná, vedecká literatúra pôvodná (slovenská)  |2 lita 
958 |a article1 
958 |a OND 
958 |a EUIPO 
999 |c 3046534  |d 3048464